My Singing Monsters quiz (4/8/23) - Statistics

General Stats
  • This quiz has been taken 93 times
  • The average score is 8 of 15
Answer Stats
Question Answer % Correct
Which MSM Island has Echantling as the 4-element? Magical Sanctum
100%
Who was Tawkerr voiced by? Dave Kerr
80%
Which monster represents the Faerie element? Floot Fly
70%
Finish the lyrics: "Every monster knows ___________" How the plants grow
70%
On which three islands does Gobbleygourd appear on? Seasonal Shanty, Fire Oasis & Fire Haven
70%
How many islands are in My Singing Monsters: Dawn Of Fire? 6
60%
What was the original idea for the Recording Studio? A monster named 'Mimic'
60%
How many islands are there? (including mirrors) 28
50%
How many monsters are on Tribal Island in total? 31
50%
How many members are in the ShugaFam? 8
50%
Which one of these Wublins have a rare counterpart? Dwumrohl
50%
When was MSM released? 2012
40%
Are there Dipsters on Light Island? No
20%
How many monsters are on Myhtical Island as of 4/8/23? 16
10%
How many Colossals have been awoken? 2
10%
No matching quizzes found
Score Distribution
Percent of People with Each Score
Percentile by Number Answered
Your Score History
You have not taken this quiz